书目信息 |
| 题名: |
初刻拍案惊奇
|
|
| 作者: | 凌濛初 著 | |
| 分册: | ||
| 出版信息: | 太原 山西人民出版社 2009.01 |
|
| 页数: | 534页 | |
| 开本: | 20cm | |
| 丛书名: | ||
| 单 册: | ||
| 中图分类: | I242.3 | |
| 科图分类: | ||
| 主题词: | 话本小说--hua ben xiao shuo--中国--明代 | |
| 电子资源: | ||
| ISBN: | 978-7-203-06330-8 | |
| 000 | 00999nam0 2200241 450 | |
| 001 | 012009892327 | |
| 005 | 20090624105045.96 | |
| 010 | @a978-7-203-06330-8@dCNY30.00 | |
| 100 | @a20090624d2009 em y0chi0120 ea | |
| 101 | 0 | @achi |
| 102 | @aCN@b140000 | |
| 105 | @ay z 000ay | |
| 106 | @ar | |
| 200 | 1 | @a初刻拍案惊奇@Achu ke pai an jing qi@f凌濛初著@Fling meng chu zhu |
| 205 | @a第2版 | |
| 210 | @a太原@c山西人民出版社@d2009.01 | |
| 215 | @a534页@d20cm | |
| 330 | @a《初刻拍案惊奇》是明朝末年凌濛初编著的拟话本小说集。成书于明朝天启七年(1627),第二年由尚友堂书坊刊行问世。其后凌濛初又编著《二刻拍案惊奇》,于明朝崇祯五年(1632)刊行。二书合称“二拍”。《初刻拍案惊奇》本为四十卷四十篇,原本已失,今所见最早且最为完整的本子是藏于日本内阁文库的尚友堂刻本,全书存三十九卷(缺二十三卷),即实有小说39篇。 | |
| 606 | 0 | @a话本小说@Ahua ben xiao shuo@y中国@z明代 |
| 690 | @aI242.3@v4 | |
| 701 | 0 | @a凌濛初@Aling meng chu@4著 |
| 801 | 0 | @aCN@bQSSK@c20090624 |
| 905 | @b749142-44@dI242.3@eL564@f3 | |
| 初刻拍案惊奇/凌濛初著.-第2版.-太原:山西人民出版社,2009.01 |
| 534页;20cm |
| ISBN 978-7-203-06330-8:CNY30.00 |
| 《初刻拍案惊奇》是明朝末年凌濛初编著的拟话本小说集。成书于明朝天启七年(1627),第二年由尚友堂书坊刊行问世。其后凌濛初又编著《二刻拍案惊奇》,于明朝崇祯五年(1632)刊行。二书合称“二拍”。《初刻拍案惊奇》本为四十卷四十篇,原本已失,今所见最早且最为完整的本子是藏于日本内阁文库的尚友堂刻本,全书存三十九卷(缺二十三卷),即实有小说39篇。 |
| ● |
| 相关链接 |
|
|
|
正题名:初刻拍案惊奇
索取号:I242.3/L564
 
预约/预借
| 序号 | 登录号 | 条形码 | 馆藏地/架位号 | 状态 | 备注 |
| 1 | 749142 | 207491427 | 文学库108/108文学库 21排6列5层/ [索取号:I242.3/L564] | 在馆 | |
| 2 | 749143 | 207491436 | 文学库108/108文学库 21排6列5层/ [索取号:I242.3/L564] | 在馆 | |
| 3 | 749144 | 207491445 | 文学库108/108文学库 21排6列5层/ [索取号:I242.3/L564] | 在馆 |